Ottův slovník naučný nové doby

Salvato in:
Dettagli Bibliografici
Natura: Libro
Lingua:ceco
Pubblicazione: Praha Novina, tisk. a vyd. podniky 1938
Tags: Aggiungi Tag
Nessun Tag, puoi essere il primo ad aggiungerne!!

MARC

LEADER 00000nam a2200000 4500
001 c123428
005 20041019155228.2
041 0 |a cze 
044 |a CZ 
245 1 0 |a Ottův slovník naučný  |b nové doby 
264 1 |a Praha  |b Novina, tisk. a vyd. podniky  |c 1938 
300 |a 718 s.